Statystyki dla Państwa z najdłuższymi granicami

Kliknij tutaj aby rozwiązać quiz!

Ogólne statystyki

  • Ten quiz został rozwiązany 31 533 razy
  • Średni wynik to 13 z 20

Statystyki odpowiedzi

kmKraj% Poprawnych
20 017Rosja
99%
22 147Chiny
98%
12 034Stany Zjednoczone
97%
8 893Kanada
94%
14 691Brazylia
91%
14 103Indie
84%
9 665Argentyna
81%
6 171Chile
76%
12 012Kazachstan
75%
8 220Mongolia
70%
10 730Dem. Rep. Konga
63%
6 470Algieria
57%
6 774Pakistan
47%
6 764Sudan
47%
6 004Kolumbia
39%
5 598Czad
39%
6 743Boliwia
33%
7 243Mali
32%
6 221Uzbekistan
29%
5 876Mjanma
18%

Rozkład punktacji

Percentyl według liczby udzielonych odpowiedzi

Procent ludzi z każdym wynikiem

Twoja historia wyników

Nie rozwiązałeś tego quizu